00360nam a2200121Ia 450000500170000000800410001702000240005804000140008208200150009624500580011126000470016930000220021620240508104340.0220601s9999 xx 000 0 und d a33228022381345qpbk aRDAc3228 aR 496 OXFO 4aOxford South African Multilingual primary dictionary  aCape town;bOxford University press,c2019 a188 pages;c23 cm